00844nam a22002297a 4500001001000000003000900010005001700019007000300036008004100039040002500080082001400105110011200119245007200231260006600303300003300369590002800402650005300430910000700483942001400490952009300504999001700597000026514DO-SdBNP20220204102915.0ta110322s1981 dr 000 0 spa d aDO-SdBNPbspacBNPHU aF-bR426m1 aRepública Dominicana.bSecretariado Técnico de la PresidenciabOficina Nacional de Estadísticas9231910aVIII censo de población y vivienda :bmanual del empadronador (a) a[Santo Domingo] :bOficina Nacional de Estadísticas,c2002. a40 p. :bil., map. ;c29 cm. aInventariado, 2022 / DG aRepública DominicanaxCensos - manuales981138 aDG 2ddccLBS1 00102ddc51708MOaBNPHUbPDcCTl0oF- R426mp2022-0586r2022-02-04w2022-02-04yLBS1 c51340d51340